Statistics for Most Appearances & Goals at the FIFA World Cup for France

Click here to take the quiz!

General Stats

  • This quiz has been taken 113 times
    (69 since last reset)
  • The average score is 15 of 26

Answer Stats

Answer% Correct
Hugo Lloris
98%
Kylian Mbappé
98%
Thierry Henry
98%
Olivier Giroud
95%
Zinedine Zidane
93%
Antoine Griezmann
91%
Michel Platini
89%
Just Fontaine
82%
Raphael Varane
75%
Karim Benzema
71%
Paul Pogba
68%
Fabien Barthez
66%
David Trezeguet
64%
Lilian Thuram
57%
Patrick Vieira
54%
Ousmane Dembélé
48%
Raymond Kopa
36%
Jean Tigana
32%
Patrick Battiston
27%
Alain Giresse
25%
Dominique Rocheteau
25%
Manuel Amoros
25%
Maxime Bossis
21%
Bernard Genghini
16%
Roger Piantoni
11%
Jean Nicolas
4%

Score Distribution

Percentile by Number Answered

Percent of People with Each Score

Your Score History

You have not taken this quiz since the last reset